| 000 | 02731nam0a2200409 4500 | ||
|---|---|---|---|
| 001 | RU\NLR\BIBL_A\016369051 | ||
| 005 | 20230623135146.0 | ||
| 010 |
_a978-5-91639-028-5 _9300 |
||
| 021 |
_aRU _bКН-П-23-024064 _9КН-П-23-2395 |
||
| 035 | _a(NLR Aleph) 016369051 | ||
| 035 | _a(RuMoRGB)011729880 | ||
| 090 |
_a13176137 _c13176137 |
||
| 100 | _a20230515d2022 u y0rusy50 ca | ||
| 101 | 0 | _arus | |
| 102 | _aRU | ||
| 105 | _aac z 010zy | ||
| 181 | 0 |
_ai3 _baxxe |
|
| 182 | 0 | _an | |
| 200 | 1 |
_a50 лет кафедре травматологии и ортопедии ПСПбГМУ им. И. И. Павлова _fд.м.н., проф. А. Н. Цед, к.м.н., доц. Е. А. Щепкина, к.м.н. Н. Е. Муштин [и др.] _gредактор: заслуженный врач РФ, д.м.н., профессор А. К. Дулаев _gГосударственное бюджетное образовательное учреждение высшего образования Первый Санкт-Петербургский государственный медицинский университет имени И. П. Павлова Министерства здравоохранения РФ, Кафедра травматологии и ортопедии |
|
| 203 |
_aТекст _bвизуальный _cнепосредственный |
||
| 210 |
_aСанкт-Петербург _cСинтез Бук _d2022 |
||
| 215 |
_a94, [1] с. _cил., цв. ил., портр. _d21 |
||
| 320 | _aБиблиогр.: с. 65 (8 назв.) | ||
| 517 | 1 | _aПятьдесят лет кафедре травматологии и ортопедии ПСПбГМУ им. И. И. Павлова | |
| 601 | 0 | 2 |
_aСанкт-Петербургский государственный медицинский университет им. И.П.Павлова _bКафедра травматологии и ортопедии _xИстория _92254470 _3RU\NLR\AUTH\661352097 |
| 675 |
_a378.661(470.23-25)(091) _v4 |
||
| 686 | 1 | _aР458е(2)л31 | |
| 701 | 1 |
_aЦед _bА. Н. _gАлександр Николаевич |
|
| 701 | 1 |
_aЩепкина _bЕ. А. _gЕлена Андреевна |
|
| 701 | 1 |
_aМуштин _bН. Е. _gНикита Евгеньевич |
|
| 702 | 1 |
_aДулаев _bА. К. _gАлександр Кайсинович _4340 |
|
| 711 | 0 | 2 |
_aСанкт-Петербургский государственный медицинский университет им. И. П. Павлова _bКафедра травматологии и ортопедии _9577595 _3RU\NLR\AUTH\8810039330 |
| 942 | _cBOOK | ||
| 980 | _aNB | ||